Terapia cognitiva de los trastornos de personalidad

Збережено в:
Бібліографічні деталі
Автори: Beck, Aaron T (Автор), Freeman, Arthur (Автор)
Формат: Книга
Мова:Іспанська
Опубліковано: Barcelona Paidós 1995
Серія:Psicología, Psiquiatría, Psicoterapia, 127
Предмети:
Теги: Додати тег
Немає тегів, Будьте першим, хто поставить тег для цього запису!

MARC

LEADER 00000nam a2200000 a 4500
001 UCZ3169
003 CL-VaPUC
008 951020e19950000SP |||||||||||||||||spa|d
082 0 4 |a 616.891  |b BEC  |2 21 
100 0 |a Beck, Aaron T  |e author  |9 346966 
700 0 |a Freeman, Arthur  |e author  |9 346967 
245 1 0 |a Terapia cognitiva de los trastornos de personalidad 
300 |a 545 p 
942 |c BK 
945 |d 19951020 00:00:00  |a rleighto 
260 |a Barcelona  |b Paidós  |c 1995 
650 0 |a Trastornos de la personalidad   |9 307698 
650 7 |a PSICOTERAPIA  |2 CL-VaPUC  |9 346968 
583 |a last modification  |c 19951020 00:00:00  |k Rodrigo Vera 
490 0 |a Psicología, Psiquiatría, Psicoterapia, 127 
999 |c 239678  |d 239676 
952 |0 0  |1 0  |4 0  |6 616_891000000000000_BEC_1995  |7 0  |8 A  |9 250978  |a BIBEDU  |b BIBEDU  |c ES_NOD  |d 2019-11-18  |i 3141292  |o 616.891 BEC 1995  |p 3141292  |r 2023-08-09  |w 2019-11-18  |y BK  |k PSI